Gramática esencial del español: introducción al estudio de la lengua

Salvato in:
Dettagli Bibliografici
Autore principale: Seco, Manuel (Autore)
Natura: Libro
Lingua:spagnolo
Pubblicazione: Madrid Espasa Calpe 2000
Edizione:4a. ed
Soggetti:
Tags: Aggiungi Tag
Nessun Tag, puoi essere il primo ad aggiungerne!!

MARC

LEADER 00000nam a2200000 a 4500
001 UCN1765
003 CL-VaPUC
008 010504e20000000SP |||||||||||||||||spa|d
082 0 4 |a 465  |b SEC  |2 21 
100 0 |a Seco, Manuel  |e author  |9 457092 
245 1 0 |a Gramática esencial del español: introducción al estudio de la lengua 
250 |a 4a. ed 
300 |a 418 p 
942 |c BK 
945 |d 20010504 00:00:00  |a vberengu 
260 |a Madrid  |b Espasa Calpe  |c 2000 
650 0 |a Gramática  |9 270497 
650 0 |a Español  |9 255372 
650 7 |a LINGUISTICA DESCRIPTIVA  |2 CL-VaPUC  |9 457093 
650 0 |a Morfología Lingüística   |9 340777 
650 0 |a Sintaxis  |9 318843 
583 |a last modification  |c 20010504 00:00:00  |k Rodrigo Vera 
999 |c 294995  |d 294993 
952 |0 0  |1 0  |4 0  |6 465_000000000000000_SEC_2000  |7 0  |8 A  |9 347805  |a FDOPOS  |b FDOPOS  |d 2019-11-20  |i 3719456  |o 465 SEC 2000  |p 3719456  |r 2025-01-22  |w 2019-11-20  |y BK  |k MLA